Cálculo del alumbrado directo por armaduras simétricas / (Record no. 38776)

MARC details
000 -LEADER
campo de control de longitud fija 00627nam a2200205 i 4500
001 - NÚMERO DE CONTROL
campo de control 38776
003 - IDENTIFICADOR DE NÚMERO DE CONTROL
campo de control ES-MaACL
005 - FECHA Y HORA DE LA ÚLTIMA TRANSACCIÓN
campo de control 20230906155822.0
007 - CAMPO FIJO DE DESCRIPCIÓN FÍSICA--INFORMACIÓN GENERAL
campo de control de longitud fija t|
008 - DATOS DE LONGITUD FIJA--INFORMACIÓN GENERAL
campo de control de longitud fija 030226s1936 sp ||||1| spa d
080 ## - NÚMERO DE LA CLASIFICACIÓN DECIMAL UNIVERSAL
Número de la Clasificación Decimal Universal 535:628.9(022)
100 1# - ENTRADA PRINCIPAL--NOMBRE DE PERSONA
Nombre de persona Cámara Niño, Sixto.
9 (RLIN) 33996
245 10 - MENCIÓN DEL TÍTULO
Título Cálculo del alumbrado directo por armaduras simétricas /
Mención de responsabilidad, etc. por Sixto Cámara Niño.
260 ## - PUBLICACIÓN, DISTRIBUCIÓN, ETC.
Lugar de publicación, distribución, etc. Madrid :
Nombre del editor, distribuidor, etc. [Gestetner,
Fecha de publicación, distribución, etc. 1936]
300 ## - DESCRIPCIÓN FÍSICA
Extensión 42 p. ;
Dimensiones 17 cm.
597 ## - NOTA DE DESCRIPCIÓN FÍSICA
NOTA DE DESCRIPCIÓN FÍSICA Ejemplar reproducido a ciclostil con varios planos.
650 #4 - PUNTO DE ACCESO ADICIONAL DE MATERIA--TÉRMINO DE MATERIA
Término de materia o nombre geográfico como elemento de entrada Luminotecnia.
9 (RLIN) 14715
650 #4 - PUNTO DE ACCESO ADICIONAL DE MATERIA--TÉRMINO DE MATERIA
Término de materia o nombre geográfico como elemento de entrada Iluminación.
9 (RLIN) 174818
852 4# - LOCALIZACIÓN
Ubicación ES-MaACL
Número de control de estantería 1822-F-1
Holdings
Estatus retirado Estado de pérdida Estado de daño No para préstamo Colección Biblioteca de origen Biblioteca actual Ubicación en estantería Fecha de adquisición Fuente de adquisición Total de préstamos Signatura topográfica completa Código de barras Visto por última vez Precio de reemplazo Tipo de ítem Koha
        Colección de folletos Biblioteca del Ateneo de Madrid Biblioteca del Ateneo de Madrid Depósito folletos 17/01/2008     1822-F-1 1040832 23/02/2023 23/02/2023 Folleto